000 00264 a2200109 4500
005 20251226171157.0
020 _a978-0195074970
100 _aPisacane, Vincent L.
245 _aFundamentals of Space Systems
260 _bOxford University Press
_c1994
942 _cBK
999 _c36635
_d36635